| 000 | 00656nam a2200121Ia 4500 | ||
|---|---|---|---|
| 008 | 220620s9999||||xx |||||||||||||| ||und|| | ||
| 100 | _aHadler, Markus||Klösch, Beate||Schwarzinger, Stephan||Schweighart, Markus||Wardana, Rebecca||Bird, David Neil | ||
| 245 | 0 |
_aSurveying Climate-Relevant Behavior _bMeasurements, Obstacles, and Implications |
|
| 546 | _aEnglish[eng] | ||
| 650 | _aclimate research||environmental sociology||survey research||environmental behaviour||environmental attitudes||carbon footprint||climate||survey methods||Open Access | ||
| 856 | _uhttps://library.oapen.org/bitstream/20.500.12657/51946/1/978-3-030-85796-7.pdf | ||
| 942 | _cEB | ||
| 999 |
_c27132 _d27132 |
||